Obra reunida [de Miguel Angel Chávez Díaz de León] : 1984-2009 /

Na minha lista:
Detalhes bibliográficos
Autor principal: Chávez Díaz de León, Miguel Angel (autor)
Outros Autores: Mendoza Rosendo, Rodolfo (edición y prólogo) (edición y prólogo), Moreno Montero, Antonio (edición y prólogo) (edición y prólogo)
Formato: Livro
Idioma:espanhol
Publicado em: Jalapa, México : Chihuahua, México : Universidad Veracruzana ; Gobierno del Estado de Chihuahua, Instituto Chihuahuense de la Cultura, 2011, c2011
coleção:(Ficción Universidad Veracruzana) [s.n.]
Assuntos:
Tags: Adicionar Tag
Sem tags, seja o primeiro a adicionar uma tag!

MARC

LEADER 00000nam^a2200000^a^4500
001 000623824
005 20251029000000.0
009 20260310133945.897
020 |a 978-607-502-121-8 
025 |a Donación sin dato, 1 ejemplar 
037 |a Acervo ITESO - Biblioteca 
041 |a ESP 
082 |a 861.  |b CHA 
100 |a Chávez Díaz de León, Miguel Angel  |e (autor) 
245 1 0 |a Obra reunida [de Miguel Angel Chávez Díaz de León] :  |b 1984-2009 /  |c M.A. Chávez Díaz de León ; ed. y pról. de R. Mendoza Rosendo, A. Moreno Montero. 
264 4 |a Jalapa, México :  |b Universidad Veracruzana ;  |a Chihuahua, México :  |b Gobierno del Estado de Chihuahua, Instituto Chihuahuense de la Cultura,  |c 2011, c2011 
300 |a 365 p. 
336 |a texto  |b txt  |2 rdacontenido 
337 |a sin mediación  |b n  |2 rdamedio 
338 |a volumen  |b nc  |2 rdasoporte 
440 1 |a (Ficción Universidad Veracruzana) [s.n.] 
649 |a XX 
650 |a Poesía Mexicana 
650 |a Literatura Mexicana -  |y Siglo XX 
650 |a Literatura Mexicana -  |y Siglo XXI 
700 |a Mendoza Rosendo, Rodolfo  |e (edición y prólogo) 
700 |a Moreno Montero, Antonio  |e (edición y prólogo) 
910 |a Fondo General 
920 |a Impresos - Libros 
930 |a Colección General 
940 |a Literatura 
905 |a 101 
901 |a 623824-10  |b IT1  |c LIT  |i D  |u 20251029 
902 |a https://opac.biblio.iteso.mx/vufind/Record/000623824